[Event "SPICE Cup Open 2020"]
[Site "Chesterfield MO USA"]
[Date "2020.10.22"]
[Round "5"]
[White "Paciorkowski, Lev"]
[Black "Proleiko, Julian"]
[Result "0-1"]
[WhiteElo "2249"]
[BlackElo "2131"]
[WhiteFideId "30904625"]
[BlackFideId "30900255"]
[EventDate "2020.10.20"]

1. Nf3 d5 2. e3 c5 3. b3 g6 4. Bb2 Nf6 5. c4 Bg7 6. cxd5 O-O 7. Bxf6 exf6 8. Nc3
f5 9. Bc4 Nd7 10. O-O b6 11. Rc1 Bb7 12. d4 cxd4 13. Nxd4 Ne5 14. Qe2 a6 15. a4
Re8 16. Rfd1 Qd6 17. Qd2 Ng4 18. g3 h5 19. Bf1 Bh6 20. Re1 h4 21. f4 Re7 22. Bg2
hxg3 23. hxg3 Rae8 24. e4 Qb4 25. Qd3 fxe4 26. Rxe4 Rxe4 27. Bxe4 Bg7 28. Nce2
Bxd4+ 29. Nxd4 f5 30. Nxf5 gxf5 31. Bxf5 Re3 32. Be6+ Kh8 33. Qf1 Rxg3+ 34. Kh1
Qe4+ 0-1

[Event "SPICE Cup Open 2020"]
[Site "Chesterfield MO USA"]
[Date "2020.10.22"]
[Round "5"]
[White "Matta, Nicholas"]
[Black "Park, Evan"]
[Result "1-0"]
[WhiteElo "2177"]
[BlackElo "2146"]
[WhiteFideId "30914523"]
[BlackFideId "30931142"]
[EventDate "2020.10.20"]

1. d4 Nf6 2. c4 b6 3. Nc3 Bb7 4. f3 Nc6 5. d5 Ne5 6. e4 e6 7. f4 Ng6 8. e5 Ng8
9. Nf3 Bb4 10. Bd3 Nh6 11. O-O O-O 12. Qc2 f5 13. exf6 Qxf6 14. Ne4 Qe7 15. Neg5
Nf5 16. g4 Qc5+ 17. Kh1 Nd4 18. Nxd4 Qxd4 19. Bxg6 exd5 20. Bxh7+ Kh8 21. Qg2
dxc4 22. Be4 Bxe4 23. Qxe4 Qxe4+ 24. Nxe4 d5 25. Ng3 Rae8 26. f5 d4 27. Bg5 c5
28. Rad1 b5 29. h4 Kh7 30. h5 Rf7 31. Bc1 Rfe7 32. g5 d3 33. g6+ Kg8 34. h6 Re1
35. hxg7 Rxf1+ 36. Rxf1 Kxg7 37. Nh5+ Kf8 38. Bh6+ Ke7 39. f6+ Kd7 40. f7 1-0

[Event "SPICE Cup Open 2020"]
[Site "Chesterfield MO USA"]
[Date "2020.10.22"]
[Round "5"]
[White "Singh, Hersh"]
[Black "Yanayt, Eugene"]
[Result "1-0"]
[BlackTitle "FM"]
[WhiteElo "2012"]
[BlackElo "2173"]
[WhiteFideId "30918804"]
[BlackFideId "2020165"]
[EventDate "2020.10.20"]

1. d4 g6 2. c4 Bg7 3. g3 d6 4. Nf3 Nc6 5. Nc3 e5 6. dxe5 dxe5 7. Qxd8+ Nxd8 8.
Nd5 Kd7 9. Bh3+ Kd6 10. Bxc8 Rxc8 11. Bd2 f6 12. Bb4+ Ke6 13. Rd1 Nc6 14. Ba3
Nh6 15. e4 Nf7 16. O-O Rhd8 17. Kg2 Bh6 18. Nh4 Nd6 19. Bxd6 Rxd6 20. f4 Kf7 21.
c5 Re6 22. f5 gxf5 23. Nxf5 Bf8 24. b4 b6 25. b5 Nd4 26. Nxd4 exd4 27. c6 Rxe4
28. Rxf6+ Kg8 29. Kf3 Re5 30. Rxd4 Rd8 31. Rg4+ Kh8 32. Nxc7 Bc5 33. Re4 Bd4 34.
Rxe5 Bxe5 35. Ne6 Bxf6 36. Nxd8 Bxd8 37. Ke4 Kg7 38. Kd5 Bc7 39. Ke6 1-0

[Event "SPICE Cup Open 2020"]
[Site "Chesterfield MO USA"]
[Date "2020.10.23"]
[Round "6"]
[White "Bruzon Batista, Lazaro"]
[Black "Nyzhnyk, Illya"]
[Result "1/2-1/2"]
[WhiteTitle "GM"]
[BlackTitle "GM"]
[WhiteElo "2644"]
[BlackElo "2665"]
[WhiteFideId "3503739"]
[BlackFideId "14118084"]
[EventDate "2020.10.20"]

1. d4 d5 2. c4 dxc4 3. Nf3 Nf6 4. e3 e6 5. Bxc4 a6 6. O-O c5 7. b3 b6 8. dxc5
Qxd1 9. Rxd1 Bxc5 10. Bb2 Bb7 11. Nbd2 Nbd7 12. Be2 O-O 13. Rac1 Rac8 14. Nc4
Nd5 15. Nd4 Rfd8 16. a3 Bf8 1/2-1/2

[Event "SPICE Cup Open 2020"]
[Site "Chesterfield MO USA"]
[Date "2020.10.23"]
[Round "6"]
[White "Hakobyan, Aram"]
[Black "Quesada Perez, Yuniesky"]
[Result "1/2-1/2"]
[WhiteTitle "GM"]
[BlackTitle "GM"]
[WhiteElo "2588"]
[BlackElo "2598"]
[WhiteFideId "13306677"]
[BlackFideId "3504409"]
[EventDate "2020.10.20"]

1. Nf3 d5 2. g3 c6 3. Bg2 Bg4 4. h3 Bh5 5. O-O Nd7 6. d4 e6 7. c4 Ngf6 8. cxd5
exd5 9. Ne5 Ne4 10. Nd2 Nxd2 11. Bxd2 Be7 12. g4 Bg6 13. f4 Be4 14. Bxe4 dxe4
15. Qb3 O-O 16. Ba5 Qc8 17. Qc2 Nf6 18. g5 Qxh3 19. gxf6 gxf6 20. Qxe4 fxe5 21.
Rf2 f5 22. Qg2+ Qxg2+ 23. Rxg2+ Kf7 24. dxe5 Bc5+ 25. Kh2 Rg8 26. Rd1 Ke6 27. a3
Be7 28. Rdg1 Rxg2+ 29. Rxg2 Kd5 30. Rg7 Bc5 31. Rd7+ Ke4 32. Bd8 Bb6 33. Bxb6
axb6 34. Rxb7 b5 35. Rxh7 Kxf4 36. e6 Re8 37. e7 Kg5 1/2-1/2

[Event "SPICE Cup Open 2020"]
[Site "Chesterfield MO USA"]
[Date "2020.10.23"]
[Round "6"]
[White "Prohaszka, Peter2"]
[Black "Lenderman, Aleksandr"]
[Result "1/2-1/2"]
[WhiteTitle "GM"]
[BlackTitle "GM"]
[WhiteElo "2592"]
[BlackElo "2634"]
[WhiteFideId "726265"]
[BlackFideId "2021285"]
[EventDate "2020.10.20"]

1. d4 Nf6 2. c4 e6 3. Nc3 Bb4 4. Bd2 O-O 5. Nf3 b6 6. e3 Bb7 7. Rc1 c5 8. a3
Bxc3 9. Bxc3 Ne4 10. Be2 d6 11. O-O Nd7 12. Be1 f5 13. Nd2 Nef6 14. Nb1 Qe7 15.
Nc3 Rad8 16. b4 Rf7 17. Bf3 Bxf3 18. Qxf3 Nf8 19. Qc6 Ng6 20. f3 Qf8 21. bxc5
dxc5 22. dxc5 Ne5 23. Qxe6 Qxc5 24. Qxf5 Nfg4 25. Qe4 Qxe3+ 26. Bf2 Qxe4 27.
Nxe4 Nxf2 28. Rxf2 Rd3 29. Re2 Rxa3 30. Nd6 Rd7 31. c5 1/2-1/2

[Event "SPICE Cup Open 2020"]
[Site "Chesterfield MO USA"]
[Date "2020.10.23"]
[Round "6"]
[White "Gledura, Benjamin"]
[Black "Daggupati, Balaji"]
[Result "1-0"]
[WhiteTitle "GM"]
[BlackTitle "FM"]
[WhiteElo "2620"]
[BlackElo "2331"]
[WhiteFideId "712779"]
[BlackFideId "2090759"]
[EventDate "2020.10.20"]

1. d4 d5 2. c4 c6 3. Nf3 e6 4. Qc2 dxc4 5. Qxc4 Nf6 6. g3 b5 7. Qc2 Bb7 8. Bg2
Nbd7 9. Ne5 Qb6 10. Nxd7 Nxd7 11. Nc3 c5 12. d5 Nf6 13. e4 b4 14. Na4 Qa6 15.
dxe6 Qxe6 16. O-O Rc8 17. f4 Be7 18. f5 Qa6 19. e5 Bxg2 20. Qxg2 Nd7 21. b3 O-O
22. Bf4 c4 23. Rad1 Rfd8 24. Qe2 Nb6 25. f6 gxf6 26. Bh6 f5 27. e6 f6 28. Rxd8+
Rxd8 29. Qh5 Kh8 30. Qf7 Rg8 31. Qxe7 Nd5 32. Qd7 cxb3 33. Qxd5 bxa2 34. Qxa2
Re8 35. Re1 Qd6 36. Qc4 1-0

[Event "SPICE Cup Open 2020"]
[Site "Chesterfield MO USA"]
[Date "2020.10.23"]
[Round "6"]
[White "Stremavicius, Titas"]
[Black "Cordova, Emilio"]
[Result "1/2-1/2"]
[WhiteTitle "GM"]
[BlackTitle "GM"]
[WhiteElo "2517"]
[BlackElo "2592"]
[WhiteFideId "12804444"]
[BlackFideId "3801497"]
[EventDate "2020.10.20"]

1. c4 e5 2. Nc3 Bb4 3. Qc2 c6 4. Nf3 Qe7 5. a3 Ba5 6. g3 Nf6 7. b4 Bc7 8. d3 h6
9. Bg2 O-O 10. Nd2 Rd8 11. e4 a5 12. b5 d6 13. Na4 Nbd7 14. O-O Nb6 15. Rb1 Nxa4
16. Qxa4 cxb5 17. Qxb5 Nd7 18. Qb2 Nc5 19. Qc2 Bd7 20. Nf3 a4 1/2-1/2

[Event "SPICE Cup Open 2020"]
[Site "Chesterfield MO USA"]
[Date "2020.10.23"]
[Round "6"]
[White "Chen, Ryo"]
[Black "Repka, Christopher"]
[Result "0-1"]
[BlackTitle "GM"]
[WhiteElo "2085"]
[BlackElo "2488"]
[WhiteFideId "7003072"]
[BlackFideId "14918781"]
[EventDate "2020.10.20"]

1. e4 e5 2. Nf3 Nc6 3. Bb5 a6 4. Ba4 Nf6 5. d3 d6 6. c3 g6 7. O-O Bg7 8. Nbd2
O-O 9. Re1 Re8 10. Nf1 b5 11. Bc2 a5 12. Ne3 a4 13. h3 d5 14. exd5 Nxd5 15. Nxd5
Qxd5 16. d4 e4 17. Ng5 f5 18. f3 e3 19. Bxe3 h6 20. Ne4 fxe4 21. Bxe4 Qd7 22.
Bxg6 Rf8 23. Qe2 Ne7 24. Bd3 c6 25. Bxh6 Bxh6 26. Qxe7 Qxe7 27. Rxe7 Rf7 28. Re2
Bd7 29. a3 Kg7 30. Rae1 Rh8 31. Bb1 Kf6 32. Ba2 Rg7 33. Be6 Re8 34. Bxd7 Rxe2
35. Rxe2 Rxd7 36. g3 Bc1 37. Rc2 Be3+ 38. Kg2 Rg7 39. h4 Bf4 40. g4 Rh7 41. h5
Rd7 42. Kf2 Re7 43. c4 Be3+ 44. Kg3 Bxd4 45. cxb5 cxb5 46. f4 Re3+ 47. Kh4 Rb3
48. h6 Rxb2 49. Rc6+ Ke7 50. g5 b4 51. g6 bxa3 52. g7 Rg2 53. Rc7+ Kd6 54. h7 a2
55. g8=Q Bf6+ 56. Kh3 a1=Q 57. Kxg2 Kxc7 58. Qc4+ Kd6 59. Qa6+ Kd5 60. Qb5+ Ke4
61. Qe2+ Kxf4 62. Qf2+ Kg5 63. Qg3+ Kf5 64. Qd3+ Ke6 65. Qe4+ Kf7 66. Qd5+ Kg7
67. Qd7+ Kg6 68. Qd3+ Kg7 69. Qd7+ Kh8 70. Qe8+ Kxh7 71. Qd7+ Kg8 72. Qe8+ Kg7
73. Qd7+ Kf8 74. Qd6+ Be7 75. Qf4+ Kg8 76. Qc4+ Kh7 77. Qe4+ Kh6 78. Qe3+ Bg5
79. Qh3+ Kg7 80. Qd7+ Kg8 81. Qe8+ Kh7 82. Qd7+ Kg6 83. Qe6+ Bf6 84. Qg4+ Kh6
85. Qf4+ Bg5 86. Qh2+ Kg6 87. Qd6+ Qf6 88. Qd3+ Kh6 89. Qh3+ Bh4 90. Qa3 Qf2+
91. Kh1 Qe1+ 92. Kg2 Qg3+ 0-1

[Event "SPICE Cup Open 2020"]
[Site "Chesterfield MO USA"]
[Date "2020.10.23"]
[Round "6"]
[White "Niemann, Hans Moke"]
[Black "Colas, Joshua"]
[Result "0-1"]
[WhiteTitle "IM"]
[BlackTitle "FM"]
[WhiteElo "2465"]
[BlackElo "2255"]
[WhiteFideId "2093596"]
[BlackFideId "2044447"]
[EventDate "2020.10.20"]

1. Nf3 d5 2. c4 e6 3. d4 Nf6 4. g3 dxc4 5. Bg2 a6 6. O-O Nc6 7. e3 Rb8 8. Qe2 b5
9. b3 cxb3 10. axb3 Bb7 11. Bb2 Nb4 12. Rc1 Be7 13. Nbd2 O-O 14. Ne5 Bxg2 15.
Kxg2 Qd5+ 16. Qf3 Rfc8 17. Nc6 Nxc6 18. Rxc6 a5 19. Ba3 Bxa3 20. Rxa3 Ra8 21.
Rc5 Qxf3+ 22. Nxf3 c6 23. Ne5 Ra6 24. Ra1 Nd5 25. Nd3 f6 26. Kf3 Kf7 27. e4 Ne7
28. Ke3 Ra7 29. Rc3 Rca8 30. Nc5 h5 31. h3 Nc8 32. Nd3 Ne7 33. Nc5 Nc8 34. g4
hxg4 35. hxg4 a4 36. bxa4 Nb6 37. Nxe6 Re8 38. Nf4 g5 39. Rxc6 Nc4+ 40. Kf3 Nd2+
41. Ke3 Nb3 42. Rd1 gxf4+ 43. Kxf4 bxa4 44. Rb6 Re6 45. Rb8 Ree7 46. d5 Nc5 47.
f3 a3 48. Rb5 Rec7 49. Kf5 a2 50. Ra1 Ra3 51. f4 Ra4 52. Rh1 Rc8 53. Ra1 Nxe4
54. Rb7+ Kf8 55. Kg6 f5 56. Rf7+ Ke8 57. g5 Rb8 58. Rxf5 Kd7 59. Re5 Rf8 60.
Rxa2 Rxa2 61. Rxe4 Ra6+ 62. Kg7 Rf5 63. Rb4 Rxd5 64. g6 Ke6 65. Rb7 Rad6 66. Kh6
Kf5 67. Rf7+ Rf6 68. Kg7 Rd6 69. Kh7 Ke6 70. f5+ Kxf5 71. Rxf6+ Kxf6 72. g7 Rd1
73. g8=N+ Kg5 74. Kg7 Rd7+ 75. Kf8 Ra7 76. Ne7 Kf6 77. Nd5+ Ke6 78. Nf4+ Ke5 79.
Nd3+ Ke6 80. Nc5+ Kd5 81. Nd3 Ra4 82. Kg7 Rd4 83. Nc1 Rd2 84. Nb3 Rb2 85. Nc1
Kc4 0-1

[Event "SPICE Cup Open 2020"]
[Site "Chesterfield MO USA"]
[Date "2020.10.23"]
[Round "6"]
[White "Sarkar, Justin"]
[Black "Antova, Gabriela"]
[Result "0-1"]
[WhiteTitle "IM"]
[BlackTitle "FM"]
[WhiteElo "2377"]
[BlackElo "2238"]
[WhiteFideId "2010011"]
[BlackFideId "2915235"]
[EventDate "2020.10.20"]

1. c4 Nf6 2. Nc3 e5 3. Nf3 Nc6 4. e4 Bb4 5. d3 d6 6. a3 Bc5 7. b4 Bb6 8. Na4 Bd4
9. Rb1 Bg4 10. Be2 Bxf3 11. Bxf3 Qe7 12. O-O a5 13. Bd2 axb4 14. axb4 O-O 15. g3
Nd8 16. Bg2 Ne6 17. Kh1 Qd7 18. Nc3 c6 19. f4 Ra3 20. Qc1 Rfa8 21. f5 Nc7 22.
Bf3 h5 23. h3 b5 24. g4 hxg4 25. hxg4 bxc4 26. dxc4 d5 27. cxd5 cxd5 28. exd5
Ncxd5 29. Nxd5 Nxd5 30. b5 e4 31. Bxe4 Qe7 32. Qe1 Re3 33. Bxd5 Rxe1 34. Bxe1
Ra3 35. Rf3 Rxf3 36. Bxf3 Qa3 37. Bg2 Qe3 38. Kh2 Be5+ 39. Kh1 Qf4 0-1

[Event "SPICE Cup Open 2020"]
[Site "Chesterfield MO USA"]
[Date "2020.10.23"]
[Round "6"]
[White "Burke, John M"]
[Black "Krykun, Yuriy"]
[Result "1/2-1/2"]
[WhiteTitle "GM"]
[BlackTitle "FM"]
[WhiteElo "2538"]
[BlackElo "2371"]
[WhiteFideId "2070901"]
[BlackFideId "14140667"]
[EventDate "2020.10.20"]

1. d4 d5 2. Bg5 h6 3. Bh4 Nf6 4. Nd2 e6 5. Ngf3 Be7 6. e3 c5 7. c3 O-O 8. Bd3
Nbd7 9. Rg1 Ne8 10. Bxe7 Qxe7 11. Qe2 e5 12. dxe5 Nxe5 13. Nxe5 Qxe5 14. Nf3 Qe7
15. g4 g6 16. g5 h5 17. Nh4 Kg7 18. Qc2 Qe6 19. Rg3 Nd6 20. O-O-O c4 21. Bf1 Ne4
22. Rg1 b5 23. Bg2 Bb7 24. Bxe4 dxe4 25. Ng2 Rad8 26. Nf4 Qa6 27. Kb1 Rd3 28.
Nxd3 exd3 29. Qd2 Bf3 30. Rde1 Re8 31. e4 Rxe4 32. Rxe4 Bxe4 33. Re1 Bf5 34. Ka1
Qd6 35. f3 a5 36. a3 Be6 37. Kb1 Bf5 38. Kc1 Kh7 39. Kd1 Qc7 40. Qf2 b4 41. axb4
axb4 42. cxb4 Qb7 43. Qd2 Qxf3+ 44. Kc1 Qd5 45. Qc3 Be6 46. Qd2 Qa8 47. Kb1 Qd5
48. Rc1 c3 49. bxc3 Qb3+ 50. Ka1 Qa4+ 51. Kb1 Qb3+ 52. Ka1 Qa3+ 53. Kb1 1/2-1/2

[Event "SPICE Cup Open 2020"]
[Site "Chesterfield MO USA"]
[Date "2020.10.23"]
[Round "6"]
[White "Liang, Jason"]
[Black "Stearman, Josiah"]
[Result "1-0"]
[WhiteTitle "FM"]
[BlackTitle "FM"]
[WhiteElo "2367"]
[BlackElo "2354"]
[WhiteFideId "30940303"]
[BlackFideId "2062496"]
[EventDate "2020.10.20"]

1. e4 e5 2. Nf3 Nc6 3. Bb5 a6 4. Ba4 Nf6 5. d3 b5 6. Bb3 Be7 7. O-O O-O 8. Bd5
Bd6 9. Bxc6 dxc6 10. h3 h6 11. Nbd2 c5 12. Re1 Qe7 13. Nh4 Nh7 14. Nf5 Qf6 15.
Ng3 Ng5 16. Ndf1 Kh7 17. Nh2 Ne6 18. Ng4 Qg6 19. Nf5 Nd4 20. Nh4 Qe6 21. c3 Qe7
22. cxd4 Qxh4 23. Nxe5 cxd4 24. Nf3 Qe7 25. Nxd4 c5 26. Nf3 Bb7 27. b3 Rad8 28.
Qc2 f5 29. Bb2 fxe4 30. dxe4 Rxf3 31. e5+ Kg8 32. exd6 Qg5 33. Re5 Rc3 34. Rxg5
Rxc2 35. Rxg7+ Kf8 36. Be5 Bd5 37. Rc7 c4 38. Bf6 cxb3 39. Bxd8 b2 40. Rb1 Bc4
41. Kh2 Rxf2 42. Bh4 Rd2 43. d7 Bxa2 44. Rxb2 1-0

[Event "SPICE Cup Open 2020"]
[Site "Chesterfield MO USA"]
[Date "2020.10.23"]
[Round "6"]
[White "Ezra, Paul Chambers"]
[Black "Lu, Ming"]
[Result "0-1"]
[WhiteTitle "FM"]
[WhiteElo "2231"]
[BlackElo "2084"]
[WhiteFideId "20300204"]
[BlackFideId "30930880"]
[EventDate "2020.10.20"]

1. d4 d5 2. Bf4 c5 3. e3 Nc6 4. c3 Bf5 5. Nd2 e6 6. Ngf3 Qb6 7. Qb3 c4 8. Qxb6
axb6 9. a3 b5 10. Rc1 h6 11. Be2 Nf6 12. Ne5 Nxe5 13. Bxe5 Nd7 14. Bg3 Nb6 15.
Bd1 Na4 16. Bxa4 bxa4 17. O-O Ra5 18. Ra1 Rb5 19. Ra2 Kd7 20. Rd1 Bd3 21. Nf3 f6
22. Rc1 h5 23. h4 Be7 24. Ne1 Bh7 25. Nc2 g5 26. hxg5 fxg5 27. Be5 Rf8 28. Nb4
g4 29. Raa1 Be4 30. Rf1 Rf7 31. Bf4 Rg7 32. Kh2 Ra5 33. f3 Bf5 34. Rae1 Bh4 35.
Re2 Ra8 36. Be5 Rf7 37. fxg4 hxg4 38. g3 Bg5 39. Kg1 Rh7 40. Rff2 Be4 41. Rh2
Rxh2 42. Kxh2 Rf8 43. Bf4 Rh8+ 44. Kg1 Rh1+ 45. Kf2 Be7 46. Be5 Ke8 47. Bf4 Kf7
48. Be5 Kg6 49. Bc7 Kf5 50. Bf4 Bd8 51. Be5 Bf3 52. Rd2 Ke4 53. Bf4 Be7 54. Na2
Bf8 55. Nb4 Ra1 56. Be5 Rd1 57. Rc2 Be7 58. Bf4 Bf8 59. Be5 Bxb4 60. cxb4 Kd3
61. Rc3+ Ke4 62. Rc2 Rh1 63. Rd2 Rc1 64. b5 c3 65. bxc3 Rxc3 66. Bd6 Rxe3 67. b6
Rb3 68. Bb4 e5 69. dxe5 Kxe5 70. Bc5 Be4 71. Ke1 Rxg3 72. Rh2 Rh3 0-1

[Event "SPICE Cup Open 2020"]
[Site "Chesterfield MO USA"]
[Date "2020.10.23"]
[Round "6"]
[White "Zaloznyy, Mike"]
[Black "Matta, Nicholas"]
[Result "0-1"]
[WhiteElo "1989"]
[BlackElo "2177"]
[WhiteFideId "2023075"]
[BlackFideId "30914523"]
[EventDate "2020.10.20"]

1. d4 d5 2. e3 Nf6 3. Nf3 e6 4. Bd3 c5 5. O-O c4 6. Be2 b5 7. b3 Bb7 8. a4 a6 9.
c3 Nbd7 10. Nbd2 Be7 11. Ba3 O-O 12. Qb1 Bxa3 13. Rxa3 b4 14. Ra2 bxc3 15. bxc4
Rb8 16. Nb3 dxc4 17. Bxc4 Qc7 18. Qd3 Rfc8 19. Nc5 Nxc5 20. dxc5 Qxc5 21. Bxa6
Bxa6 22. Qxa6 c2 23. Rc1 Rb1 24. Qf1 Qc4 25. Ra1 Rxa1 0-1

[Event "SPICE Cup Open 2020"]
[Site "Chesterfield MO USA"]
[Date "2020.10.23"]
[Round "6"]
[White "Proleiko, Julian"]
[Black "Oberoi, Shelev"]
[Result "1/2-1/2"]
[WhiteElo "2131"]
[BlackElo "2101"]
[WhiteFideId "30900255"]
[BlackFideId "30908590"]
[EventDate "2020.10.20"]

1. e4 c5 2. Nf3 Nc6 3. Bb5 e6 4. O-O Nge7 5. Re1 Nd4 6. Nxd4 cxd4 7. d3 Nc6 8.
Nd2 Be7 9. Qg4 O-O 10. Nf3 e5 11. Qh5 d6 12. c3 dxc3 13. bxc3 Bd7 14. d4 exd4
15. cxd4 Nb4 16. Bxd7 Qxd7 17. Rb1 Nd3 18. Rd1 Nxc1 19. Rdxc1 Rac8 20. Rd1 Rc2
21. Qd5 Rb8 22. h3 Qc6 23. Qxc6 Rxc6 24. d5 Rcc8 25. Rdc1 Rxc1+ 26. Rxc1 Kf8 27.
Nd4 Ke8 28. Nf5 Bf8 29. Rc7 g6 30. Nd4 Be7 31. a4 Bd8 32. Rc4 Bb6 33. Kf1 Kd7
34. Ke2 Bxd4 35. Rxd4 Rc8 36. Rb4 b6 37. Kd2 Rc5 38. Kd3 Rc1 39. Ke3 Kc7 40. f4
f6 41. Kf3 a5 42. Rd4 Rc3+ 43. Kg4 Rb3 44. Rc4+ Kd7 45. Rc6 h5+ 46. Kh4 Rb4 47.
Kg3 g5 48. Kf3 Rb3+ 49. Kf2 gxf4 50. Rc4 Rb2+ 51. Kf3 Rb3+ 52. Ke2 h4 53. Kf2
Rb4 54. Rxb4 axb4 55. Ke2 b5 56. axb5 Kc7 57. Kd3 b3 58. Kc3 Kb6 59. Kxb3 Kxb5
60. Kc3 Kc5 61. Kd3 f5 62. exf5 Kxd5 63. f6 f3 64. g4 hxg3 65. f7 g2 66. f8=Q
g1=Q 67. Qf5+ Kc6 68. Qxf3+ Kd7 69. Qf7+ 1/2-1/2

[Event "SPICE Cup Open 2020"]
[Site "Chesterfield MO USA"]
[Date "2020.10.23"]
[Round "6"]
[White "Shepherd, Duncan"]
[Black "Paciorkowski, Lev"]
[Result "1-0"]
[WhiteElo "2033"]
[BlackElo "2249"]
[WhiteFideId "2080311"]
[BlackFideId "30904625"]
[EventDate "2020.10.20"]

1. d4 Nf6 2. c4 g6 3. g3 Bg7 4. Bg2 c5 5. Nf3 O-O 6. O-O cxd4 7. Nxd4 Nc6 8. Nc3
Nxd4 9. Qxd4 d6 10. Qd2 a6 11. b3 Rb8 12. Rd1 b5 13. cxb5 axb5 14. Bb2 Be6 15.
Nd5 Bxd5 16. Bxd5 b4 17. Bg2 Qb6 18. Bd4 Qb5 19. Rac1 Rfc8 20. Ba7 Rxc1 21. Rxc1
Rd8 22. Rc7 Nd7 23. Rb7 Qa6 24. Qxb4 Qxa2 25. Be3 h5 26. h4 Bf6 27. Rxd7 Rxd7
28. Qb8+ Kg7 29. Qc8 Qb1+ 30. Kh2 Rc7 31. Qxc7 Qxb3 32. Qb6 Qc2 33. Bf3 Qc3 34.
Qc6 Qe5 35. Qe4 Qb2 36. Bg5 e6 37. Bxf6+ Qxf6 38. e3 Qe7 39. Qd4+ Kg8 40. e4 Kh7
41. Qe3 Qf6 42. Qg5 Qd4 43. Qe7 Kg7 44. Qg5 Kh7 45. Qe3 Qf6 46. Qf4 Qe7 47. Kh3
Qd7 48. Qf6 Kg8 49. Kh2 Qa7 50. Bg2 Qc5 51. Bh3 Qc4 52. Qf4 Qd4 53. Bf1 Kg7 54.
Bb5 Qb6 55. Be2 Qb2 56. Qe3 Kg8 57. Kh3 Qc2 58. Bd3 Qd1 59. Kg2 Qa1 60. Qe2 Qd4
61. Qf3 Qc3 62. Bb5 Qc7 63. Kh2 Qb7 64. Bf1 Qe7 65. Qe3 Qf6 66. Kg1 Qe7 67. Bg2
Qc7 68. f4 Qe7 69. Qf3 Qf6 70. Kh2 Kg7 71. f5 exf5 72. exf5 Qe5 73. Bf1 Qb2+ 74.
Kh3 Qd4 75. Bd3 Qc3 76. Qe4 Qf6 77. Qf4 Qa1 78. Be4 Qd4 79. Qf3 Qe5 80. Bd5 gxf5
81. Bc4 Kg6 82. Be2 Qh8 83. Qd3 Qe5 84. Qf3 Qh8 85. Qf4 f6 86. Qxd6 Qa8 87. Qd1
Qh8 88. Qd3 Qc8 89. Bf3 Kh6 90. Qd2+ Kg6 91. Qf4 Qe6 92. Bg2 Qc8 93. Kh2 Qc2 94.
Qb8 Qe2 95. Qg8+ Kh6 96. Qf7 Qe5 97. Qd5 Kg6 98. Qf3 Qb2 99. Kh3 Qc2 100. Bf1
Qc8 101. Kh2 Qd7 102. Be2 Qh7 103. Qa8 Qf7 104. Qh8 Qa2 105. Qxh5+ Kg7 106. Qf3
Qc2 107. Kh3 Qc8 108. Qf4 Qd7 109. Bf1 Qd5 110. Bg2 Qd7 111. Kh2 Qc8 112. Qd6
Kg6 113. Bc6 Qg8 114. Qd5 Qb8 115. Qf3 Qb2+ 116. Kh3 Qb8 117. Qf4 Qc8 118. Bf3
Qc5 119. Bd1 Qd5 120. Qf3 Qd7 121. Bc2 Qc8 122. h5+ Kg5 123. Qf4+ Kxh5 124.
Qxf5+ 1-0

[Event "SPICE Cup Open 2020"]
[Site "Chesterfield MO USA"]
[Date "2020.10.23"]
[Round "6"]
[White "Park, Evan"]
[Black "Yanayt, Eugene"]
[Result "1-0"]
[BlackTitle "FM"]
[WhiteElo "2146"]
[BlackElo "2173"]
[WhiteFideId "30931142"]
[BlackFideId "2020165"]
[EventDate "2020.10.20"]

1. e4 c5 2. Nf3 d6 3. d4 cxd4 4. Nxd4 Nf6 5. Nc3 g6 6. Be3 Bg7 7. f3 Nc6 8. Qd2
h5 9. Bc4 Bd7 10. O-O-O Rc8 11. Bb3 a6 12. Kb1 Na5 13. h4 b5 14. Nd5 Nxd5 15.
Bxd5 Nc4 16. Bxc4 Rxc4 17. Nb3 Qc7 18. Bd4 Bxd4 19. Nxd4 Ra4 20. b3 Ra3 21. Kb2
Qa5 22. Qxa5 Rxa5 23. a3 O-O 24. Ne2 b4 25. axb4 Rb5 26. Nc3 Rb7 27. Ra1 Rc8 28.
Nd5 Bc6 29. c3 e6 30. Ne3 Bb5 31. Rhd1 Rb6 32. Rd2 Kf8 33. Rad1 Ke7 34. Rd4 Rc7
35. Nc4 Rbc6 36. Rxd6 Bxc4 37. Rxc6 Rxc6 38. bxc4 Rxc4 39. Kb3 Rc6 40. c4 Kf6
41. Rd7 e5 42. c5 Ke6 43. Rb7 1-0

[Event "SPICE Cup Open 2020"]
[Site "Chesterfield MO USA"]
[Date "2020.10.24"]
[Round "7"]
[White "Hakobyan, Aram"]
[Black "Gledura, Benjamin"]
[Result "0-1"]
[WhiteTitle "GM"]
[BlackTitle "GM"]
[WhiteElo "2588"]
[BlackElo "2620"]
[WhiteFideId "13306677"]
[BlackFideId "712779"]
[EventDate "2020.10.20"]

1. e4 c5 2. Nf3 Nc6 3. d4 cxd4 4. Nxd4 Nf6 5. Nc3 e5 6. Ndb5 d6 7. Nd5 Nxd5 8.
exd5 Nb8 9. a4 Be7 10. Be2 O-O 11. O-O a6 12. Na3 f5 13. b4 f4 14. a5 Bf5 15. c4
Kh8 16. Bb2 Nd7 17. Rc1 e4 18. Kh1 Bf6 19. Bd4 Bxd4 20. Qxd4 Rf6 21. Qd2 f3 22.
gxf3 Ne5 23. Rg1 exf3 24. Bf1 Rh6 25. Qg5 Qd7 26. c5 dxc5 27. bxc5 Rg6 28. Qh4
Qxd5 29. Rxg6 Bxg6 30. Nc4 Qxc5 31. Rd1 Nc6 32. Nd6 Rd8 33. Qf4 Qxf2 34. h4 h6
35. Bh3 Qc5 36. Qxf3 Nd4 37. Nf7+ Kh7 38. Qxb7 Qh5 39. Rf1 Qxh4 40. Kh2 Re8 41.
Rg1 Re2+ 42. Rg2 Qf4+ 0-1

[Event "SPICE Cup Open 2020"]
[Site "Chesterfield MO USA"]
[Date "2020.10.24"]
[Round "7"]
[White "Nyzhnyk, Illya"]
[Black "Prohaszka, Peter2"]
[Result "1-0"]
[WhiteTitle "GM"]
[BlackTitle "GM"]
[WhiteElo "2665"]
[BlackElo "2592"]
[WhiteFideId "14118084"]
[BlackFideId "726265"]
[EventDate "2020.10.20"]

1. e4 c6 2. d4 d5 3. e5 Bf5 4. h4 h5 5. Bd3 Bxd3 6. Qxd3 Qa5+ 7. Nd2 e6 8. Nf3
Qa6 9. c4 Ne7 10. O-O Nf5 11. b3 Be7 12. g3 O-O 13. Qc2 Rd8 14. Bb2 Nd7 15. a3
Rac8 16. c5 b6 17. b4 Qb7 18. Ne1 f6 19. exf6 Bxf6 20. Nb3 a5 21. Nf3 axb4 22.
axb4 bxc5 23. bxc5 Rb8 24. Ra3 Ra8 25. Na5 Qc7 26. Rfa1 Ra7 27. Nb3 Rxa3 28.
Rxa3 Re8 29. Nc1 Rb8 30. Nd3 Qb7 31. Kg2 Qb5 32. Ba1 Qb1 33. Qe2 Re8 34. Bb2 1-0

[Event "SPICE Cup Open 2020"]
[Site "Chesterfield MO USA"]
[Date "2020.10.24"]
[Round "7"]
[White "Cordova, Emilio"]
[Black "Bruzon Batista, Lazaro"]
[Result "1/2-1/2"]
[WhiteTitle "GM"]
[BlackTitle "GM"]
[WhiteElo "2592"]
[BlackElo "2644"]
[WhiteFideId "3801497"]
[BlackFideId "3503739"]
[EventDate "2020.10.20"]

1. d4 d5 2. Nf3 Nf6 3. c4 c6 4. cxd5 cxd5 5. Nc3 Nc6 6. Bf4 Bf5 7. e3 e6 8. Bd3
Bxd3 9. Qxd3 Bd6 10. Bxd6 Qxd6 11. O-O O-O 12. Rac1 h6 13. h3 Rac8 1/2-1/2